000
00319nam a22001217a 4500
999
_c
5004
_d
5004
008
250509b ||||| |||| 00| 0 eng d
020
_a
9780718194420
082
_a
823.914 NIC
100
_a
NICOLL,HELEN
_e
AUTHOR
245
_a
MEG AND MOG
260
_a
80 Strand,London WC2R0RL,England
_b
PUFFIN BOOKS
_c
2012
942
_2
ddc